000 00443nam a2200181Ia 4500
001 16216
005 20260306170253.0
008 260306t2017||||xx |||||||||||||| ||und||
041 _aESP
082 _a347.41
_bZ58
100 _aZegarra Mulánovich, Álvaro
_eAUT
245 0 _aEstudios sobre el contrato de seguro
260 _c2017
300 _a784 páginas :
_c25 cm.
650 _aGEN
654 _aCDE
942 _cLIB
_dJUS
_fJUS
_2ddc
_n
999 _c16216
_d16216